| 000 | 00630nam a2200181Ia 4500 | ||
|---|---|---|---|
| 008 | 090630s9999 xx 000 0 und d | ||
| 082 | _b18443 | ||
| 100 | _aटोळ दत्ता श्री. | ||
| 245 |
_aकुरुप राजहंस. _cटोळ दत्ता श्री. |
||
| 260 |
_bगमभन - पुणे. _c2000 |
||
| 300 | _a63 | ||
| 600 | _aटोळ दत्ता श्री. | ||
| 630 | _aकुरुप राजहंस. | ||
| 655 | _aबालवाङमय. | ||
| 700 | _aटोळ दत्ता श्री. | ||
| 730 | _aकुरुप राजहंस. | ||
| 942 | _cBOOK | ||
| 999 |
_c270299 _d270299 |
||